| 000 | 01057nas a2200361 4500 | ||
|---|---|---|---|
| 001 | BR0401932 | ||
| 003 | BR-BrBNA | ||
| 005 | 20231205104451.0 | ||
| 007 | ta | ||
| 008 | 230509b bl.|||p| |||| 00| 00por d | ||
| 040 |
_aBR-BrBNA _bpor _cBiblioteca Nacional de Agricultura |
||
| 041 | _a(Pt) | ||
| 072 | _aH20 | ||
| 100 | 1 | _aCezar, M.A. | |
| 100 | 1 | _aKrause-Sakate, R. | |
| 100 | 1 | _aMezzena, L. | |
| 100 | 1 | _aKobori, R.F. | |
| 100 | 1 | _aPavan, M.A. | |
| 245 | 1 | _aCaracterização biológica e identificação molecular de vírus pertecentes ao gênero Tobamovirus provenientes de Capsicum spp | |
| 650 | _aPIMENTÃO | ||
| 650 | _aPIMENTA | ||
| 650 | _aVÍRUS | ||
| 650 | _aIDENTIFICAÇÃO | ||
| 650 | _aISOLAMENTO | ||
| 650 | _aPURIFICAÇÃO | ||
| 650 | _aINOCULAÇÃO | ||
| 650 | _aLESÃO | ||
| 650 | _aINFECÇÃO | ||
| 650 | _aCULTIVO PROTEGIDO | ||
| 773 | 0 |
_tSumma Phytopathologica (Brazil) _xISSN 0100-5405 _g(Oct-Dec 2003), v. 29(4) p. 359-361 _wBR0401932 |
|
| 909 |
_a202311 _bLúcia _c55 _dLúcia Elande |
||
| 942 |
_2AGRIS _n0 _cANA |
||
| 999 |
_c178275 _d178275 |
||